| 000 | 00805nam a22002057a 4500 | ||
|---|---|---|---|
| 999 |
_c19334 _d19334 |
||
| 003 | AR-CdUCM | ||
| 008 | 190517b ||||| |||| 00| 0 spa d | ||
| 040 |
_aMUNICIPALIDAD PROVINCIAL DEL CUSCO _cBIBLIOTECA MUNICIPAL DEL CUSCO |
||
| 082 |
_a345.2 / _bM41 |
||
| 100 |
_aMelgar, Carlos Enrique _940615 |
||
| 245 |
_aMi alegato : _bcaso Luza / |
||
| 260 |
_aLima : _bGráfica Labor, _c1975. |
||
| 300 |
_a516 páginas ; _c25 cm. |
||
| 505 | _aContenido: Itinerario de dos vidas -- La ciencia de las pruebas y la verdad jurídica -- Justicia científica venganza primitiva -- Si quieres juzgar, mira bien en tu propio corazón -- La duda favorece al reo. | ||
| 650 |
_aProceso Luza _940616 |
||
| 650 |
_aDefensa penal _940617 |
||
| 650 |
_aDerecho _9739 |
||
| 942 |
_2ddc _cLIBROS |
||
| 945 |
_aachl _d2019-05-17 |
||